Most Popular Beatles Songs On Each Album - Statistics

General Stats
  • This quiz has been taken 56 times
  • The average score is 23 of 30
Answer Stats
Hint Answer % Correct
Help! Help!
100%
A Hard Day's Night A Hard Day's Night
96%
Help! Yesterday
96%
Sgt. Pepper's Lonely Hearts Club Band A Day In the Life
88%
Let it Be Let It Be
88%
Magical Mystery Tour Penny Lane
88%
Magical Mystery Tour Strawberry Fields Forever
88%
Please Please Me Twist and Shout
88%
Revolver Eleanor Rigby
85%
Yellow Submarine Yellow Submarine
85%
Abbey Road Come Together
83%
Sgt. Pepper's Lonely Hearts Club Band Sgt. Pepper's Lonely Hearts Club Band
83%
Abbey Road Here Comes the Sun
81%
Sgt. Pepper's Lonely Hearts Club Band Lucy In the Sky with Diamonds
81%
Rubber Soul Michelle
79%
A Hard Day's Night And I Love Her
75%
Sgt. Pepper's Lonely Hearts Club Band With a Little Help From My Friends
75%
With The Beatles All My Loving
73%
The Beatles (White Album) Blackbird
73%
Magical Mystery Tour I Am the Walrus
73%
Rubber Soul In My Life
73%
Beatles For Sale Eight Days a Week
71%
Past Masters Hey Jude
69%
Past Masters She Loves You
69%
The Beatles (White Album) While My Guitar Gently Weeps
67%
A Hard Day's Night Can't Buy Me Love
65%
Past Masters I Want to Hold Your Hand
65%
Magical Mystery Tour Hello, Goodbye
58%
The Beatles (White Album) Ob-La-Di, Ob-La-Da
56%
Past Masters Day Tripper
50%
No matching quizzes found
Score Distribution
Percent of People with Each Score
Percentile by Number Answered
Your Score History
You have not taken this quiz